| 000 | 01134nam2a22002771 4500 | ||
|---|---|---|---|
| 001 | RU\NLR\A1SV\67715 | ||
| 005 | 20251203152403.2 | ||
| 035 | _a(NLR Aleph) 009749315 | ||
| 090 |
_a13482188 _c13482188 |
||
| 100 | _a20060210d1925 u y0rusy50 ca | ||
| 101 | 0 | _arus | |
| 200 | 1 |
_aЛенин и РКП(б) _a1905 год _a1917 год _fС.Корев и В.Юрьин _gПод ред. Н.Масленникова |
|
| 210 | _d1925 | ||
| 215 | _a198 с. | ||
| 461 | 1 |
_1001RU\NLR\A1SV\27832 _12000#$vЧ.3 _99836850 _aГехтман, И.Е. (1895-1938) _cЛ. _d1925-1926 _fИ.Гехтман и С.Корев _nПрибой _tИсторико-революционные вечера в клубе _vЧ.3 |
|
| 600 | 1 |
_aЛенин _bВ.И. _f1870-1924 _gВладимир Ильич |
|
| 702 | 1 |
_aКорев _bС.И. _f1900-1953 _gСимон Исаакович |
|
| 702 | 1 |
_aЮрьин _bВ. |
|
| 702 | 1 |
_6z01790 _aМаслеников _bН.Н. _f1895-1950 _gНиколай Николаевич |
|
| 790 | 1 |
_6z03702 _aМасленников _bН. |
|
| 801 | 0 |
_aRU _bNLR _c20060210 |
|
| 852 | _aNLR | ||
| 942 | _cBOOK | ||
| 980 | _aA1SV | ||
| 980 | _aNB | ||